000 00412nam a22001457a 4500
082 _aP-759
100 _aMuhammad Waseem ul Hussnain
_951273
245 _aGeotechnical distress evaluation and remediation of gulzar mahal bahawalpur
260 _aRisalpur,
_bMCE,
_c2017.
300 _a76p.
526 _a0
_b0
_c0
_dP_759
650 _aGeotech
_951274
700 _aBrig Sarfraz Ali
_951275
942 _2ddc
_cBK
999 _c553997
_d553997